000
00274nam a2200109Ia 4500
001
588631
005
20250717120835.0
008
250717s9999 xx 000 0 und d
245
0
_a
V-5 PİNİN HAZİNESİ
_c
JENNIFER DALRYMPLE
260
_b
ERDEM YAYINLARI
_c
2017
300
_b
48
999
_c
588631
_d
588631